000
00258nam a2200097Ia 4500
001
1042287
005
20250826232058.0
008
250824s9999 xx 000 0 und d
245
0
_a
ALLAH AŞKINA DUA ET
_c
TALHA BORA ÖGE
260
_b
KARATAY AKADEMİ YAYINLARI
999
_c
1042287
_d
1042287